Histoire de la globalisation financière : Essor, crises et perspectives des marchés financiers internationaux (notice n° 2198502)

détails MARC
000 -LEADER
fixed length control field 02070cam a2200157 4500500
005 - DATE AND TIME OF LATEST TRANSACTION
control field 20260405085545.0
041 ## - LANGUAGE CODE
Language code of text/sound track or separate title fre
042 ## - AUTHENTICATION CODE
Authentication code dc
100 10 - MAIN ENTRY--PERSONAL NAME
Personal name Bastidon Gilles, Cécile
Relator term author
245 00 - TITLE STATEMENT
Title Histoire de la globalisation financière : Essor, crises et perspectives des marchés financiers internationaux
260 ## - PUBLICATION, DISTRIBUTION, ETC.
Name of publisher, distributor, etc. Armand Colin,<br/>
Date of publication, distribution, etc. 2010.<br/>
520 ## - SUMMARY, ETC.
Summary, etc. observation des crises financières et monétaires récentes, singulièrement celle de 2008-2009, témoigne du basculement d’un système régi par les gouvernements à un système mondialisé mû par les marchés internationaux de capitaux, soit la fin du « système de Bretton Woods » et l’avènement de la Globalisation financière. La première partie de cet ouvrage, qui couvre la période 1944-1973, concerne le Système Monétaire International puis son effondrement précipité par les chocs pétroliers. L’essor des « euromarchés de capitaux », dès la fin de cette période, constitue le premier temps de la globalisation financière. La seconde partie est consacrée à l’émergence de la « sphère financière », de 1974 au début de la décennie 1990, comme conséquence de la désintermédiation des financements, de la déréglementation et du décloisonnement des marchés. La globalisation financière se traduit, alors, par une accélération de la croissance des volumes des marchés financiers internationaux, second temps de la globalisation financière. La troisième partie renvoie à la période contemporaine, marquée par l’apparition des «marchés émergents » et les crises s’y rapportant. Durant les années 2000, l’origine de l’instabilité financière se déplace : elle n’émane plus des pays en développement ou émergents, mais des États-Unis, cœur du système. C’est le troisième temps de la globalisation financière.
700 10 - ADDED ENTRY--PERSONAL NAME
Personal name Brasseul, Jacques
Relator term author
700 10 - ADDED ENTRY--PERSONAL NAME
Personal name Gilles, Philippe
Relator term author
856 41 - ELECTRONIC LOCATION AND ACCESS
Uniform Resource Identifier <a href="https://shs.cairn.info/histoire-de-la-globalisation-financiere--9782200355388?lang=fr&redirect-ssocas=7080">https://shs.cairn.info/histoire-de-la-globalisation-financiere--9782200355388?lang=fr&redirect-ssocas=7080</a>

Pas d'exemplaire disponible.

PLUDOC

PLUDOC est la plateforme unique et centralisée de gestion des bibliothèques physiques et numériques de Guinée administré par le CEDUST. Elle est la plus grande base de données de ressources documentaires pour les Étudiants, Enseignants chercheurs et Chercheurs de Guinée.

Adresse

627 919 101/664 919 101

25 boulevard du commerce
Kaloum, Conakry, Guinée

Réseaux sociaux

Powered by Netsen Group @ 2025